| 000 | 00576nam a22002057a 4500 | ||
|---|---|---|---|
| 999 |
_c3351 _d3351 |
||
| 003 | AR-CdUCM | ||
| 008 | 190306b ||||| |||| 00| 0 esp d | ||
| 020 | _aISBN | ||
| 040 |
_aMUNICIPALIDAD PROVINCIAL DEL CUSCO _cBIBLIOTECA MUNICIPAL DEL CUSCO |
||
| 082 |
_a869.26 / _bR79 |
||
| 100 |
_aRoldán, Belisario _911107 |
||
| 245 | _aDiscursos completos / | ||
| 260 |
_aBuenos Aires : _bArsope, _c1950. |
||
| 300 |
_a187 paginas; _c22 cm. |
||
| 650 |
_aOratoria Argentina _911108 |
||
| 650 |
_aSiglo XX _98 |
||
| 650 |
_aDiscursos _91511 |
||
| 942 |
_2ddc _cLIBROS |
||
| 945 | _aacrt | ||